000
00296nam a2200109Ia 4500
008
200302s9999 xx 000 0 und d
100
_a
Frederick Gutheim
245
_a
The Federal City : Plans & Realities
260
_b
Smithsonian Institution Press Publication
260
_c
1976
300
_a
170 P.,
999
_c
5664
_d
5664